Experimental design : (Record no. 12223)
[ view plain ]
| 000 -LEADER | |
|---|---|
| fixed length control field | 01109aam a2200289 i 4500 |
| 001 - CONTROL NUMBER | |
| control field | 990429 |
| 003 - CONTROL NUMBER IDENTIFIER | |
| control field | EG-ScBUE |
| 005 - DATE AND TIME OF LATEST TRANSACTION | |
| control field | 20250120110226.0 |
| 008 - FIXED-LENGTH DATA ELEMENTS--GENERAL INFORMATION | |
| fixed length control field | 861212s1987 ne a f b 001 0 eng d |
| 020 ## - INTERNATIONAL STANDARD BOOK NUMBER | |
| International Standard Book Number | 0444430326 |
| 040 ## - CATALOGING SOURCE | |
| Original cataloging agency | DLC |
| Language of cataloging | eng |
| Description conventions | rda |
| Transcribing agency | DLC |
| Modifying agency | DLC |
| -- | EG-ScBUE |
| 082 04 - DEWEY DECIMAL CLASSIFICATION NUMBER | |
| Classification number | 519.538 |
| Edition number | 22 |
| Item number | DEM |
| 100 1# - MAIN ENTRY--PERSONAL NAME | |
| Personal name | Deming, Stanley N., |
| Dates associated with a name | 1944- |
| Relator term | author. |
| 9 (RLIN) | 7656 |
| 245 10 - TITLE STATEMENT | |
| Title | Experimental design : |
| Remainder of title | a chemometric approach / |
| Statement of responsibility, etc | Stanley N. Deming, Department of Chemistry, University of Houston and Stephen L. Morgan, Department of Chemistry, University of South Carolina. |
| 264 #1 - PUBLICATION, DISTRIBUTION, ETC. (IMPRINT) | |
| Place of publication, distribution, etc | Amsterdam : |
| Name of publisher, distributor, etc | Elsevier, |
| Date of publication, distribution, etc | 1987. |
| 300 ## - PHYSICAL DESCRIPTION | |
| Extent | xiii, 285 pages : |
| Other physical details | illustrations ; |
| Dimensions | 25 cm. |
| 336 ## - CONTENT TYPE | |
| Source | rdacontent |
| Content type term | text |
| Content type code | txt |
| 337 ## - MEDIA TYPE | |
| Media type term | unmediated |
| Source | rdamedia |
| Media type code | n |
| 338 ## - CARRIER TYPE | |
| Carrier type term | volume |
| Carrier type code | nc |
| Source | rdacarrier |
| 490 0# - SERIES STATEMENT | |
| Series statement | Data handling in science and technology ; |
| Volume number/sequential designation | v. 3 |
| 504 ## - BIBLIOGRAPHY, ETC. NOTE | |
| Bibliography, etc | Includes bibliographical references and index.<br/> |
| 650 #7 - SUBJECT ADDED ENTRY--TOPICAL TERM | |
| Topical term or geographic name as entry element | Chemometrics. |
| Source of heading or term | BUEsh |
| 9 (RLIN) | 7657 |
| 650 #7 - SUBJECT ADDED ENTRY--TOPICAL TERM | |
| Topical term or geographic name as entry element | Experimental design. |
| Source of heading or term | BUEsh |
| 9 (RLIN) | 7658 |
| 655 ## - INDEX TERM--GENRE/FORM | |
| Form subdivision | Reading book |
| 700 1# - ADDED ENTRY--PERSONAL NAME | |
| Personal name | Morgan, Stephen L., |
| Dates associated with a name | 1949- |
| Relator term | author. |
| 9 (RLIN) | 7659 |
| 942 ## - ADDED ENTRY ELEMENTS (KOHA) | |
| Source of classification or shelving scheme | Dewey Decimal Classification |
| Koha item type | Book - Borrowing |
| Withdrawn status | Lost status | Source of classification or shelving scheme | Damaged status | Not for loan | Collection code | Home library | Current library | Shelving location | Date acquired | Source of acquisition | Cost, normal purchase price | Serial Enumeration / chronology | Total Checkouts | Full call number | Barcode | Date last seen | Price effective from | Koha item type |
|---|---|---|---|---|---|---|---|---|---|---|---|---|---|---|---|---|---|---|
| Dewey Decimal Classification | Alahram | Central Library | Central Library | First floor | 06/07/2009 | 185.70 | 72 | 519.538 DEM | 000017210 | 15/07/2025 | 06/07/2009 | Book - Borrowing |